• 首页
  • 本馆介绍
  • 公告通知
  • 最新文献
  • 馆藏检索
  • 电子资源
  • 读者导购
  • 参考咨询
  • 我的图书馆
  • 登录
  • 详细信息显示
  • 放入我的书架
  • 预约/预借图书
  • 作者相关作品
  • 分类相关作品
  • 丛书相关作品
  • 出版社相关作品

书目信息

  • 表格格式
  • 工作单格式
  • 卡片格式
题名:
中国名家成名作
    
 
作者: 陈忠实 著
分册:   陈忠实卷
出版信息: 北京   东方出版社  2016
页数: 249页
开本: 24cm
丛书名:
单 册:
中图分类: I211 , I247.57
科图分类:
主题词: 中国文学--作品集 , 中篇小说--小说集--中国--当代
电子资源:
ISBN: 978-7-5060-9100-8
000 00747nam0 2200265 450
001 009032264
005 20171129132115.0
010    @a978-7-5060-9100-8@dCNY32.00
090    @aI211@bczs
096    @aI247.57@bczs
100    @a20170605d2016 em y0chiy0120 ea
101 0  @achi
102    @aCN@b110000
105    @ay z 000ay
106    @ar
200 1  @a中国名家成名作@i陈忠实卷@b专著@f陈忠实著@9zhong guo ming jia cheng ming zuo
210    @a北京@c东方出版社@d2016
215    @a249页@d24cm
606 0  @a中国文学@x作品集
606 0  @a中篇小说@x小说集@y中国@z当代
690    @aI211@v5
690    @aI247.57@v5
701  0 @a陈忠实@f(1942~2016)@4著@9chen zhong shi
801  0 @aCN@bBJXHZP@c20230228
905    @b1396686-93@dI211@e1148@f8
    
    中国名家成名作.陈忠实卷/陈忠实著.-北京:东方出版社,2016
    249页;24cm
    
    
    ISBN 978-7-5060-9100-8:CNY32.00
    
●
相关链接 在E读中查询图书 在五车中查询图书 在当当中查询图书 在豆瓣中查询图书


正题名:中国名家成名作     索取号:I211/1148         预约/预借

序号 登录号 条形码 馆藏地/架位号 状态 备注
1 1396686   213966868   第一样本阅览室/ [索取号:I211/1148] 在馆    
2 1396687   213966877   第二借阅区/ [索取号:I211/1148] 在馆    
3 1396688   213966886   第二借阅区/ [索取号:I211/1148] 在馆    
4 1396689   213966895   第二借阅区/ [索取号:I211/1148] 在馆    
5 1396690   213966902   第二借阅区/ [索取号:I211/1148] 在馆    
6 1396691   213966911   第二借阅区/ [索取号:I211/1148] 在馆    
7 1396692   213966920   第二借阅区/ [索取号:I211/1148] 在馆    
8 1396693   213966939   第二借阅区/ [索取号:I211/1148] 在馆    
唐山师范学院图书馆 欢迎您!
大连网信软件有限公司© 版权所有